Horší majú prednosť
Neúnosná ekonomická situácia slovenských organizácií podnikajúcich v oblasti medzinárodnej cestnej dopravy. Finančné zaťaženie sektora medzinárodnej cestnej dopravy prekročilo kritickú hranicu a ocitlo sa na pokraji kolapsu. Neúnosné daňové zaťaženie a vysoké poplatky za využívanie diaľníc.
Gespeichert in:
| 1. Verfasser: | |
|---|---|
| Format: | Buchkapitel |
| Sprache: | Slowakisch |
| Schlagworte: | |
| Tags: |
Keine Tags, Fügen Sie das erste Tag hinzu!
|
MARC
| LEADER | 00000naa a2200000 4500 | ||
|---|---|---|---|
| 001 | r037517 | ||
| 005 | 20230920071110.6 | ||
| 041 | 0 | |a slo | |
| 044 | |a SK | ||
| 245 | 1 | 0 | |a Horší majú prednosť |c Tomáš Andrejčák |
| 520 | |a Neúnosná ekonomická situácia slovenských organizácií podnikajúcich v oblasti medzinárodnej cestnej dopravy. Finančné zaťaženie sektora medzinárodnej cestnej dopravy prekročilo kritickú hranicu a ocitlo sa na pokraji kolapsu. Neúnosné daňové zaťaženie a vysoké poplatky za využívanie diaľníc. | ||
| 610 | 2 | 0 | |a doprava nákladná |
| 610 | 2 | 0 | |a doprava medzinárodná |
| 610 | 2 | 0 | |a doprava cestná nákladná |
| 610 | 2 | 0 | |a zaťaženie daňové |
| 610 | 2 | 0 | |a poplatky |
| 610 | 2 | 0 | |a kríza |
| 610 | 2 | 0 | |a prepravné |
| 610 | 2 | 0 | |a Slovensko |
| 100 | 1 | |a Andrejčák, Tomáš | |